Sudden Death Metal - Statistics

General Stats
  • This quiz has been taken 196 times
  • The average score is 5 of 20
Answers on the Grid
Answers color-coded by a green-red scale on the quiz's grid according to % correct below.
Watergruwel
The Red Shore
The Lords of Chaos and Order
The Killing Fields
The Cold Blueberries
The Black Dahlia Murder
Sinking Feeling
Sayonara Sorcier
Salt The Wound
On Thorns I Lay
My Dying Bride
Montezuma's Revenge
Martyr
Liquid Graveyard
Kronos
Internal Bleeding
Human Remains
Helpless Victim
Ground Meat
Gone Postal
Gandalf
Fleshgod Apocalypse
Extreme Noise Terror
Embalmer
Dark Age
Cultösaurus Erectus
Circle of Dead Children
Celtic Frost
Black Rhino
Armageddon
Abated Mass of Flesh
A Bucket Of Blood
 
Answer Stats
Answer % Correct
From Michigan The Black Dahlia Murder
61%
From Switzerland Celtic Frost
60%
From UK My Dying Bride
51%
From Italy Fleshgod Apocalypse
45%
From Sweden Armageddon
38%
From New York Internal Bleeding
33%
From Quebec Martyr
33%
From UK Extreme Noise Terror
27%
From New Jersey Human Remains
27%
From France Kronos
27%
From Ohio Embalmer
23%
From Greece On Thorns I Lay
20%
From Tennessee Abated Mass of Flesh
18%
From Germany Dark Age
16%
From Finland Gandalf
16%
From Ohio Salt The Wound
14%
From Pennsylvania Circle of Dead Children
13%
From UK Liquid Graveyard
11%
From Australia The Red Shore
8%
From Iceland Gone Postal
3%
No matching quizzes found
Score Distribution
Percent of People with Each Score
Percentile by Number Answered
Your Score History
You have not taken this quiz